Historia Scholastica

Збережено в:
Бібліографічні деталі
Формат: Електронний ресурс Журнал
Опубліковано: The National Pedagogical Museum and Library of J. A. Comenius, Technical University of Liberec
Онлайн доступ:Available in Education Source.
Теги: Додати тег
Немає тегів, Будьте першим, хто поставить тег для цього запису!

MARC

LEADER 00000nas a22000002 4500
001 ebs76577255e
003 EBZ
006 m d ||||||
007 cr|unu||||||||
008 241105| xx uu p o 0 0||| d
022 |a 2336-680X  |y 1804-4913 
035 |a (EBZ)ebs76577255e 
040 |a EBZ 
042 |a msc 
130 0 |a Historia Scholastica (Online) 
222 1 0 |a Historia Scholastica 
245 0 0 |a Historia Scholastica  |h [electronic resource]. 
260 |b The National Pedagogical Museum and Library of J. A. Comenius, Technical University of Liberec 
773 0 |t Education Source   |d EBSCO 
856 4 0 |3 Abstracts available: Jul 2017-.  |z Available in Education Source.  |u https://researchs.unach.elogim.com/direct.asp?db=eue&jid=L9H7&scope=site 
901 |a Academic Journal